header

The composition of meaning (Record no. 49512)

MARC details
000 -LEADER
fixed length control field 01494nam a2200337Ia 4500
082 04 - DEWEY DECIMAL CLASSIFICATION NUMBER
Classification number 401/.43
245 04 - TITLE STATEMENT
Title The composition of meaning
260 ## - PUBLICATION, DISTRIBUTION, ETC. (IMPRINT)
Place of publication Amsterdam ;
-- Philadelphia, PA :
Name of publisher John Benjamins,
Year of publication 2004.
300 ## - PHYSICAL DESCRIPTION
Number of Pages vi, 230 p.
490 1# - SERIES STATEMENT
Series statement Amsterdam studies in the theory and history of linguistic science. Series IV, Current issues in linguistic theory,
650 #0 - SUBJECT ADDED ENTRY--TOPICAL TERM
Topical Term Semantics.
Topical Term Linguistics.
700 1# - ADDED ENTRY--PERSONAL NAME
Personal name Meulen, Alice G. B. ter.
Personal name Abraham, Werner.
856 40 - ELECTRONIC LOCATION AND ACCESS
Uniform Resource Identifier http://site.ebrary.com/lib/rucke/Doc?id=10067170

No items available.

© 2026 Rongo University
Contact us: librarian | system librarian | Rongo university